Estatísticas para Arcansas

Clique aqui para jogar o quiz

Estatísticas Gerais

  • Esse quiz foi jogado 2 vezes
  • A pontuação média é 5 de 15

Estatísticas das Respostas

Resposta% Correto
Abelha
100%
Diamante
100%
Leite
100%
Tomate
100%
Flor de maçã
50%
Quadrilha
50%
Buffalo National River
0%
Crystal Bridges Museum of American Art
0%
Fossil Flats Trailhead
0%
Garvan Woodland Gardens
0%
Little Rock
0%
Magic Springs and Crystal Falls
0%
Parque Estadual Crater of Diamonds
0%
Petit Jean State Park
0%
William J. Clinton Library and Museum
0%

Distribuição das Pontuações

Percentil de Números Respondidos

Porcentagem de Pessoas com Cada Pontuação

Sua Pontuação Histórica

Você não jogou esse quiz